000 00269nam a22001217a 4500
008 171104b xxu||||| |||| 00| 0 eng d
041 _aeng
080 _a339.138
100 _a61
101 _aMKT
245 _aTHE MARKETING IMAGINATION
_cLEVITT, TH
942 _2udc
_cBK
999 _c37625
_d37625